| 000 | 00588nam a22001697a 4500 | ||
|---|---|---|---|
| 020 | _qHard Cover. | ||
| 082 | _aBICSE-6 ABD | ||
| 100 | _aAbdul Basit Saleem : Javaria Malik and Maaz Naeem. | ||
| 245 |
_aDC to AC pure sine wave inverter / _cSaleem, Abdul Basit : Malik Javaria and Naeem, Maaz |
||
| 260 |
_aIslamabad: _bSEECS NUST, _c2012. |
||
| 300 |
_a56 p. : _bill. ; _c30cm. |
||
| 650 | _aBICSE. | ||
| 700 |
_aMr. Nasir Mehmood _955257 |
||
| 856 | _u http://10.250.8.41:8080/xmlui/handle/123456789/29166 | ||
| 942 |
_2ddc _cPR |
||
| 999 |
_c566083 _d566083 |
||